| 000 | 00342cam a2200133ua 4500 | ||
|---|---|---|---|
| 003 | OSt | ||
| 008 | 230721b |||||||| |||| 00| 0 eng d | ||
| 041 | _aeng | ||
| 082 |
_a539.752 _bCOR/DI |
||
| 245 | _aDisposal of radioactivity wastes, Vol II / | ||
| 260 |
_a : _bIntenational Atomic Energy Agency , _c1960. |
||
| 300 | _a576 ; . | ||
| 942 | _cBK | ||
| 999 |
_c1459 _d1459 |
||